| 000 | 00823nam a22002057a 4500 | ||
|---|---|---|---|
| 999 |
_c13265 _d13265 |
||
| 003 | AR-CdUCM | ||
| 008 | 190411b ||||| |||| 00| 0 spa d | ||
| 040 |
_aMUNICIPALIDAD PROVINCIAL DEL CUSCO _cBIBLIOTECA MUNICIPAL DEL CUSCO |
||
| 082 |
_aC / 346.65 / _bA65 |
||
| 100 |
_aAragón, Luis Ángel. _927079 |
||
| 245 |
_aDiccionario jurídico de inquilinato : _bdoctrina, leyes, reglamentos, decretos, resoluciones, concordancias, ejecutorias supremas / |
||
| 260 |
_aCuzco : _bEdit. H.G. Rozas, _c1967. |
||
| 300 |
_a204 paginas ; _c 22 cm. |
||
| 505 | _aContenido : Abreviaturas -- Banco de la vivienda -- Casa en anticipo -- Centros sociales -- Cheque sin fondos... | ||
| 650 |
_aInquilino _931587 |
||
| 650 |
_aContrato _99377 |
||
| 650 |
_aArrendamiento _926323 |
||
| 942 |
_2ddc _cLIBROS |
||
| 945 |
_awnts _d2019-04-11 |
||